| 000 | 02174cam a2200301 i 4500 | ||
|---|---|---|---|
| 003 | SA-RiAUC | ||
| 003 | SA_RiAUC | ||
| 005 | 20250112104538.0 | ||
| 008 | 250108s1988 xx g b 000 0 ara c | ||
| 040 |
_aQA-DoQUL _bara _cSA-RiAUC _erda |
||
| 050 | 4 | _b.M87 1988 | |
| 082 | 0 | 4 |
_a247 _qSA-RiAUC |
| 090 |
_a247 _b م و س |
||
| 100 | 1 |
_aالموسوي، موسى، _d1930- _eمؤلف. |
|
| 245 | 1 | 2 |
_aالشيعة والتصحيح : _bالصراع بين الشيعة والتشيع / _cموسى الموسوي. |
| 264 | 1 |
_a[مكان النشر غير محدد] : _bموسى الموسوي، _c1988 |
|
| 300 |
_a160 صفحة ؛ _c22 سم |
||
| 336 |
_aنص _btxt _2rdacontent _3كتاب |
||
| 337 |
_aبدون وسيط _bn _2rdamedia |
||
| 338 |
_aمجلد _bnc _2rdacarrier |
||
| 504 | _aيشتمل على إرجاعات ببليوجرافية. | ||
| 650 | 7 |
_aالشيعة (فرقة إسلامية) _2aucsh |
|
| 650 | 7 |
_aعقائد الشيعة _2aucsh |
|
| 856 |
_uhttp://saaid.net/book/open.php?cat=120&book=1940 _yExternal Link _2 نرجو الانتباه لإمكانية وجود اختلاف في الطبعة أو الناشر بين البيانات على البوابة وما ستجده على الكتاب نظرا لمحدودية المعلومات المتاحة على الموقع الناشر للمادة. _3Please note that there may be a difference in the edition or publisher between the data on the portal and the book due to the limited information available on the publisher website for the material. |
||
| 856 |
_uhttp://www.saaid.net/book/7/1067.zip _yDigital Copy _2 نرجو الانتباه لإمكانية وجود اختلاف في الطبعة أو الناشر بين البيانات على البوابة وما ستجده على الكتاب نظرا لمحدودية المعلومات المتاحة على الموقع الناشر للمادة. _3Please note that there may be a difference in the edition or publisher between the data on the portal and the book due to the limited information available on the publisher website for the material. |
||
| 942 |
_2ddc _cBOOK _n0 |
||
| 949 |
_aSA-JeALM _d250108 _uosman123 _n1 |
||
| 999 |
_c4645 _d4645 |
||